[Event "Cappelle la Grande"]
[Site "?"]
[Date "1990.??.??"]
[Round "?"]
[White "Rashkovsky, N."]
[Black "Krasenkov, M."]
[Result "1-0"]
[WhiteElo "2540"]
[BlackElo "2545"]
[PlyCount "125"]
[EventDate "1990.??.??"]
[Source "ChessBase"]
[SourceDate "1990.01.01"]

1. Nf3 Nf6 2. c4 g6 3. Nc3 Bg7 4. e4 d6 5. d4 O-O 6. Be2 e5 7. O-O Nc6 8. d5 Ne7 9. Ne1 Nd7 10. Nd3 f5 11. Bd2 Nb6 12. b3 fxe4 13. Nxe4 Bf5 14. f3 c6 15. dxc6 Nxc6 16. Ndf2 Nd4 17. Bb4 Nc8 18. Bd3 Rf7 19. Kh1 a5 20. Ba3 a4 21. bxa4 Bd7 22. Nc3 Qa5 23. Nfe4 Bf8 24. Qc1 Bxa4 25. Nxa4 Qxa4 26. Bb2 Nb6 27. f4 Be7 28. fxe5 Rxf1+ 29. Qxf1 dxe5 30. Nf6+ Bxf6 31. Qxf6 Nd7 32. Qe7 Rf8 33. Bxd4 exd4 34. Qe6+ Kg7 35. Qd6 Nf6 36. Qxd4 Qc6 37. Be2 Rf7 38. Bf3 Qa6 39. a4 Rd7 40. Bd5 h6 41. h3 Kh7 42. Rb1 Nxd5 43. cxd5 Qd6 44. Re1 Rf7 45. Kg1 Rf4 46. Re4 Rxe4 47. Qxe4 Kg7 48. Kf2 Qf6+ 49. Ke2 Qb2+ 50. Ke3 Qc3+ 51. Qd3 Qe5+ 52. Kf3 Qf6+ 53. Ke4 Qh4+ 54. g4 Qe1+ 55. Kd4 Qa1+ 56. Kc5 Qxa4 57. Qc3+ Kf7 58. Kd6 Qf4+ 59. Kd7 b5 60. d6 b4 61. Qc7 Qe4 62. Kc8+ Kf6 63. Qc5 1-0

[Event "Seefeld op 10th"]
[Site "Seefeld"]
[Date "1999.09.18"]
[Round "8"]
[White "Timoshenko, Georgy"]
[Black "Shchekachev, Andrei"]
[Result "1/2-1/2"]
[WhiteElo "2576"]
[BlackElo "2505"]
[PlyCount "41"]
[EventDate "1999.09.11"]
[Source "www.chesslib.no"]
[SourceDate "2004.05.04"]

1. d4 Nf6 2. c4 g6 3. Nc3 Bg7 4. e4 d6 5. Be2 O-O 6. Nf3 e5 7. O-O Nc6 8. d5 Ne7 9. Ne1 Ne8 10. Be3 f5 11. f3 f4 12. Bf2 h5 13. c5 g5 14. a4 Rf6 15. cxd6 Nxd6 16. Nb5 a6 17. Nxd6 cxd6 18. a5 Rg6 19. Bb6 Qf8 20. h3 Kh8 21. Nd3 1/2-1/2

[Event "EU-chT (Men)"]
[Site "Pula"]
[Date "1997.??.??"]
[Round "4"]
[White "Miladinovic, Igor"]
[Black "Gabriel, Christian"]
[Result "1/2-1/2"]
[WhiteElo "2510"]
[BlackElo "2570"]
[PlyCount "82"]
[EventDate "1997.05.05"]
[Source "ChessBase"]

1. d4 Nf6 2. c4 g6 3. Nc3 Bg7 4. e4 d6 5. Nf3 O-O 6. Be2 e5 7. O-O Nc6 8. d5 Ne7 9. Ne1 Ne8 10. Nd3 f5 11. f3 f4 12. g4 h5 13. h3 Bf6 14. Bd2 Bh4 15. Be1 Bxe1 16. Qxe1 g5 17. b4 Rf7 18. a4 Rh7 19. Ra2 Nf6 20. Rf2 Qf8 21. Bd1 Ng6 22. Rh2 a5 23. bxa5 Rxa5 24. Nb5 Ra6 25. c5 Nh4 26. Qc3 Qh6 27. cxd6 hxg4 28. hxg4 Rxa4 29. Qb3 Rxa2 30. Qxa2 cxd6 31. Kf1 Ne8 32. Ne1 Bd7 33. Qa5 Qf6 34. Kg1 Qf8 35. Qb6 Bxb5 36. Qxb5 Rc7 37. Rc2 Rxc2 38. Bxc2 Qe7 39. Ba4 Kf8 40. Kf2 Nf6 41. Qb6 Ne8 1/2-1/2

[Event "Reykjavik op"]
[Site "Reykjavik"]
[Date "1996.??.??"]
[Round "4"]
[White "Hjartarson, Johann"]
[Black "Djurhuus, Rune"]
[Result "0-1"]
[WhiteElo "2570"]
[BlackElo "2505"]
[PlyCount "76"]
[EventDate "1996.03.??"]
[Source "ChessBase"]

1. d4 Nf6 2. c4 g6 3. Nc3 Bg7 4. e4 d6 5. Nf3 O-O 6. Be2 e5 7. O-O Nc6 8. d5 Ne7 9. Ne1 Ne8 10. Be3 f5 11. f3 f4 12. Bf2 g5 13. a4 h5 14. a5 Rf6 15. c5 Rg6 16. cxd6 Nxd6 17. h3 Kh8 18. Nd3 Ng8 19. Nc5 Nh6 20. Ne6 Qe7 21. Qb3 Bf6 22. Ra3 Bd7 23. g4 fxg3 24. Bxg3 g4 25. fxg4 hxg4 26. h4 Nhf7 27. Kg2 Rh6 28. Rh1 c6 29. Nc5 Nf5 30. exf5 Qxc5 31. Qxb7 Rd8 32. Bf2 Qd6 33. Bc4 Rb8 34. Qxa7 cxd5 35. Bc5 Rxb2+ 36. Kg3 Qc6 37. Bxd5 e4 38. Bxf7 Be5+ 0-1

[Event "CZE-chT 0102"]
[Site "CZE"]
[Date "2001.??.??"]
[Round "?"]
[White "Vokac, Marek"]
[Black "Socko, Bartosz"]
[Result "1/2-1/2"]
[WhiteElo "2507"]
[BlackElo "2559"]
[PlyCount "129"]
[EventDate "2001.10.??"]
[Source "ChessBase"]
[SourceDate "2002.01.21"]

1. d4 Nf6 2. c4 g6 3. Nc3 Bg7 4. e4 d6 5. Be2 O-O 6. Nf3 e5 7. O-O Nc6 8. d5 Ne7 9. Ne1 Nd7 10. Nd3 f5 11. exf5 gxf5 12. f4 Ng6 13. Be3 Nf6 14. Qc2 Ng4 15. Bxg4 fxg4 16. fxe5 Nxe5 17. Nxe5 Bxe5 18. Ne2 Bd7 19. Qd2 Qe8 20. Bd4 Qe7 21. Ng3 Rae8 22. Bxe5 Qxe5 23. Rxf8+ Rxf8 24. Re1 Qf4 25. Qxf4 Rxf4 26. Re7 Rf7 27. Re3 Kg7 28. Ne2 h5 29. g3 Kh6 30. Nf4 Kg5 31. b4 h4 32. Kf2 hxg3+ 33. hxg3 Rh7 34. c5 Kf6 35. Kg1 Re7 36. Nh5+ Kf7 37. Kf2 dxc5 38. bxc5 Bb5 39. Nf4 Bc4 40. Rc3 Re4 41. Rc2 b6 42. d6 cxd6 43. cxd6 Ke8 44. Nh5 Kd8 45. Nf6 Rd4 46. Ke3 Rd3+ 47. Kf4 Rxd6 48. Rxc4 Rxf6+ 49. Kxg4 b5 50. Rb4 Rb6 51. Kf5 a5 52. Rd4+ Ke7 53. Rd5 a4 54. a3 Rf6+ 55. Ke4 Rg6 56. Kf4 Rf6+ 57. Kg4 Rc6 58. Re5+ Re6 59. Rxb5 Re3 60. Ra5 Rxa3 61. Kf4 Ra1 62. g4 a3 63. Kg5 a2 64. Re5+ Kd6 65. Ra5 1/2-1/2

[Event "NED-ch"]
[Site "NED"]
[Date "1994.??.??"]
[Round "8"]
[White "Sosonko, Gennadi"]
[Black "Nijboer, Friso"]
[Result "1/2-1/2"]
[WhiteElo "2525"]
[BlackElo "2530"]
[PlyCount "104"]
[EventDate "1994.06.??"]
[Source "ChessBase"]

1. d4 Nf6 2. c4 g6 3. Nc3 Bg7 4. e4 d6 5. Be2 O-O 6. Nf3 e5 7. O-O Nc6 8. d5 Ne7 9. Ne1 Ne8 10. f4 exf4 11. Bxf4 h6 12. Nc2 f5 13. exf5 g5 14. Bd2 Nxf5 15. Bd3 Qe7 16. Rf2 Nd4 17. Qe1 Qxe1+ 18. Rxe1 Bf5 19. Bxf5 Rxf5 20. Nxd4 Bxd4 21. Be3 Rxf2 22. Bxf2 Bxc3 23. bxc3 Kf7 24. Bd4 c5 25. Bf2 Nf6 26. Bg3 Re8 27. Rb1 Ne4 28. Rxb7+ Re7 29. Rxe7+ Kxe7 30. Be1 h5 31. Kf1 Kf6 32. Ke2 Kf5 33. Kf3 a5 34. h3 h4 35. a3 a4 36. Ke3 Ke5 37. Kf3 Kf5 38. Ke3 Nf6 39. Kf3 Nd7 40. g4+ Kf6 41. Ke4 Ne5 42. Bd2 Nxc4 43. Bc1 Kg6 44. Kd3 Ne5+ 45. Ke3 Nd7 46. Bb2 c4 47. Bc1 Nc5 48. Kf3 Nd3 49. Be3 Ne1+ 50. Ke2 Nc2 51. Bc1 Na1 52. Bd2 Nc2 1/2-1/2

[Event "Baden-Baden"]
[Site "Baden-Baden"]
[Date "1992.??.??"]
[Round "5"]
[White "Lutz, Christopher"]
[Black "Kindermann, Stefan"]
[Result "1/2-1/2"]
[WhiteElo "2550"]
[BlackElo "2505"]
[PlyCount "120"]
[EventDate "1992.12.??"]
[Source "ChessBase"]

1. d4 Nf6 2. c4 g6 3. Nc3 Bg7 4. e4 d6 5. Nf3 O-O 6. Be2 e5 7. O-O Nc6 8. d5 Ne7 9. Ne1 Nd7 10. Bd2 f5 11. Rc1 Kh8 12. Nd3 Nf6 13. f3 c5 14. Rb1 f4 15. b4 b6 16. bxc5 bxc5 17. g3 g5 18. g4 h5 19. h3 Rf7 20. Kf2 Bf8 21. Ke1 Rh7 22. Nf2 Ng6 23. Qa4 Bd7 24. Qa6 Rb8 25. Rb3 Rxb3 26. axb3 Qb8 27. Qa3 Bc8 28. Kd1 a6 29. Kc2 Kg8 30. Nd3 hxg4 31. hxg4 Rh2 32. Qa1 Nh4 33. Rf2 Rxf2 34. Nxf2 Be7 35. Qa5 Ng2 36. Na2 Nd7 37. Nd3 Bb7 38. Ne1 Nh4 39. b4 Kf7 40. Nd3 cxb4 41. Qxb4 Ng2 42. Nac1 Qa7 43. Nb3 Bc8 44. Qc3 Qg1 45. Qa1 Ne3+ 46. Kc3 Qg2 47. Qe1 Nxg4 48. fxg4 Nf6 49. Kb2 Nxe4 50. Bf1 Qf3 51. c5 Nxd2 52. Nxd2 Qxd5 53. cxd6 Qd4+ 54. Kb1 Bxd6 55. Nf3 Qb6+ 56. Ka1 Kf6 57. Nf2 Kg7 58. Ne4 Bb4 59. Qc1 Bxg4 60. Nfxg5 Bf5 1/2-1/2

[Event "Hastings Challengers"]
[Site "Hastings"]
[Date "1999.01.06"]
[Round "9"]
[White "Bischoff, Klaus"]
[Black "Iuldachev, Saidali"]
[Result "1/2-1/2"]
[WhiteElo "2550"]
[BlackElo "2505"]
[PlyCount "30"]
[EventDate "1998.12.??"]
[Source "www.chesslib.no"]
[SourceDate "2004.05.04"]

1. Nf3 Nf6 2. c4 g6 3. Nc3 Bg7 4. e4 d6 5. d4 O-O 6. Be2 e5 7. O-O Nc6 8. d5 Ne7 9. Ne1 Ne8 10. Nd3 f5 11. Bd2 fxe4 12. Nxe4 Nf6 13. f3 Nf5 14. Ndf2 Kh8 15. Nd3 Bd7 1/2-1/2

[Event "Muenster Open"]
[Site "Muenster GER"]
[Date "1995.??.??"]
[Round "7"]
[White "Ikonnikov, Vyacheslav"]
[Black "Dydyshko, Viacheslav"]
[Result "1/2-1/2"]
[WhiteElo "2555"]
[BlackElo "2495"]
[PlyCount "42"]
[EventDate "1995.??.??"]
[Source "www.chesslib.no"]
[SourceDate "2004.05.04"]

1. d4 Nf6 2. Nf3 g6 3. c4 Bg7 4. Nc3 O-O 5. e4 d6 6. Be2 e5 7. O-O Nc6 8. d5 Ne7 9. Ne1 Ne8 10. Be3 f5 11. f3 Kh8 12. c5 Ng8 13. Nd3 f4 14. Bf2 h5 15. a4 g5 16. a5 a6 17. Nb4 Nh6 18. c6 Rg8 19. Kh1 Bf8 20. cxb7 Bxb7 21. g3 fxg3 1/2-1/2

[Event "Saint Affrique op"]
[Site "Saint Affrique"]
[Date "1997.??.??"]
[Round "6"]
[White "Ikonnikov, Vyacheslav"]
[Black "Shchekachev, Andrei"]
[Result "1/2-1/2"]
[WhiteElo "2540"]
[BlackElo "2510"]
[PlyCount "60"]
[EventDate "1997.??.??"]
[Source "www.chesslib.no"]
[SourceDate "2004.05.04"]

1. d4 Nf6 2. Nf3 g6 3. c4 Bg7 4. Nc3 O-O 5. e4 d6 6. Be2 e5 7. O-O Nc6 8. d5 Ne7 9. Ne1 Ne8 10. Be3 f5 11. f3 f4 12. Bf2 h5 13. c5 g5 14. a4 Rf6 15. cxd6 Nxd6 16. Nd3 Rg6 17. Nc5 Kh8 18. Kh1 b6 19. Ne6 Bxe6 20. dxe6 Rxe6 21. a5 Rg6 22. Qa4 bxa5 23. Qxa5 Nc6 24. Qc5 Nd4 25. Bxd4 Nb7 26. Qb4 exd4 27. Nd5 c6 28. Ne7 Re6 29. Qxb7 Rxe7 30. Qxc6 Qe8 1/2-1/2

[Event "ESP-ch"]
[Site "Palencia"]
[Date "1999.08.24"]
[Round "6"]
[White "Narciso Dublan, Marc"]
[Black "Illescas Cordoba, Miguel"]
[Result "0-1"]
[WhiteElo "2447"]
[BlackElo "2600"]
[PlyCount "79"]
[EventDate "1999.08.19"]
[Source "ChessBase"]
[SourceDate "1999.09.14"]

1. d4 Nf6 2. c4 g6 3. Nc3 Bg7 4. e4 d6 5. Be2 O-O 6. Nf3 e5 7. O-O Nc6 8. d5 Ne7 9. Ne1 Ne8 10. Be3 f5 11. f3 f4 12. Bf2 g5 13. c5 Ng6 14. cxd6 cxd6 15. a4 Rf7 16. a5 Nf6 17. Kh1 Bf8 18. Nb5 Bd7 19. Nxa7 g4 20. Bb6 Qe8 21. Qb3 Rg7 22. Nb5 Rc8 23. fxg4 Nxe4 24. Qb4 Nf6 25. Nc7 Qf7 26. Nf3 Nxd5 27. Nxd5 Qxd5 28. Rfd1 Qf7 29. Ng5 Qe7 30. Ne4 Bc6 31. Nxd6 Nh4 32. Kg1 Bxg2 33. Bf2 Kh8 34. Qb3 Rc6 35. Bxh4 Qxh4 36. Kxg2 Bxd6 37. Qh3 Qe7 38. Bd3 Qe6 39. Be4 Rxg4+ 40. Kf2 0-1

[Event "Nikolaev (zt)"]
[Site "?"]
[Date "1993.??.??"]
[Round "?"]
[White "Neverov, V."]
[Black "Nevednichy, V."]
[Result "0-1"]
[WhiteElo "2550"]
[BlackElo "2495"]
[PlyCount "84"]
[EventDate "1993.??.??"]
[Source "ChessBase"]
[SourceDate "1993.02.01"]

1. d4 Nf6 2. c4 g6 3. Nc3 Bg7 4. e4 O-O 5. Nf3 d6 6. Be2 e5 7. O-O Nc6 8. d5 Ne7 9. Ne1 Nd7 10. Nd3 f5 11. Bd2 fxe4 12. Nxe4 Nf5 13. Bc3 a5 14. g4 Qh4 15. Ne1 Nd4 16. Ng2 Qe7 17. f3 b5 18. cxb5 Nb6 19. a4 Bb7 20. Ne3 Kh8 21. Rc1 Bxd5 22. Nxd5 Nxd5 23. Bd2 Nf4 24. Bxf4 Rxf4 25. Bc4 Raf8 26. Rc3 d5 27. Bxd5 Rd8 28. Bc4 Nxf3+ 29. Qxf3 Rxf3 30. Rcxf3 Rd4 31. Bd3 Qd8 32. Nf2 Bh6 33. b3 Bf4 34. Bc4 Qd6 35. Re1 Kg7 36. Re2 Qd8 37. Kg2 Qg5 38. h3 h5 39. Ne4 Rxe4 40. Rxe4 hxg4 41. Rd3 gxh3+ 42. Kf1 Qg2+ 0-1

[Event "NED Ch"]
[Site "NED"]
[Date "1993.??.??"]
[Round "?"]
[White "Sosonko, Gennadi P"]
[Black "Nijboer, Friso"]
[Result "0-1"]
[WhiteElo "2535"]
[BlackElo "2505"]
[PlyCount "80"]
[EventDate "1993.06.??"]
[Source "www.chesslib.no"]
[SourceDate "2004.05.04"]

1. d4 Nf6 2. c4 g6 3. Nc3 Bg7 4. e4 d6 5. Nf3 O-O 6. Be2 e5 7. O-O Nc6 8. d5 Ne7 9. Ne1 Ne8 10. Nd3 f5 11. Bd2 fxe4 12. Nxe4 c6 13. Qb3 Kh8 14. f4 b5 15. c5 dxc5 16. Nexc5 exf4 17. Nxf4 Nxd5 18. Nxd5 Rxf1+ 19. Rxf1 Qxd5 20. Qxd5 cxd5 21. Bxb5 Bd4+ 22. Kh1 Bxc5 23. Bxe8 Ba6 24. Bc6 Bxf1 25. Bxa8 d4 26. b4 Bd6 27. a4 Kg7 28. Kg1 Bd3 29. g3 Kf6 30. Kf2 Ke6 31. Kf3 Be5 32. b5 Bc4 33. Bc6 Bd5+ 34. Bxd5+ Kxd5 35. a5 Bc7 36. Be1 Kc4 37. Ke4 Kxb5 38. Bf2 Bxa5 39. Bxd4 Bb6 40. Be5 Kc4 0-1

[Event "Toscolano op"]
[Site "Toscolano"]
[Date "1996.??.??"]
[Round "6"]
[White "Miles, Anthony J"]
[Black "Nurkic, Sahbaz"]
[Result "1-0"]
[WhiteElo "2630"]
[BlackElo "2405"]
[PlyCount "113"]
[EventDate "1996.??.??"]
[Source "www.chesslib.no"]
[SourceDate "2004.05.04"]

1. d4 g6 2. Nf3 Bg7 3. c4 Nf6 4. Nc3 O-O 5. e4 d6 6. Be2 e5 7. O-O Nc6 8. d5 Ne7 9. Ne1 Nd7 10. Kh1 f5 11. exf5 gxf5 12. f4 exf4 13. Nd3 Ng6 14. Nxf4 Nxf4 15. Bxf4 Ne5 16. Qd2 Bd7 17. Rae1 Qf6 18. Bg5 Qg6 19. Be3 a6 20. b3 Rae8 21. Bd1 Ng4 22. Bd4 Bh6 23. Qd3 Rxe1 24. Rxe1 Re8 25. Rxe8+ Qxe8 26. Be2 Bg7 27. Kg1 Ne5 28. Qd2 Qg6 29. Kf1 Bh6 30. Qe1 Qg5 31. Qg3 Qxg3 32. hxg3 Bg7 33. Nd1 Ng6 34. Ba7 Be5 35. Kf2 Kg7 36. Ne3 Kf6 37. Bb8 Bd4 38. Bxc7 Ke5 39. Kf3 Be8 40. Bd3 Bd7 41. Bd8 Bc5 42. Nc2 Be8 43. g4 fxg4+ 44. Kxg4 h6 45. g3 b5 46. Ba5 bxc4 47. bxc4 Kf6 48. Bc3+ Ne5+ 49. Kf4 Ke7 50. Bxe5 dxe5+ 51. Kxe5 Bd6+ 52. Kd4 Bxg3 53. c5 Bf2+ 54. Ne3 a5 55. Bf5 Kf6 56. Bh3 h5 57. c6 1-0

[Event "Open"]
[Site "Open Agios Nikolaos"]
[Date "1995.??.??"]
[Round "6"]
[White "Miladinovic, Igor"]
[Black "Atalik, Suat"]
[Result "1/2-1/2"]
[WhiteElo "2535"]
[BlackElo "2500"]
[PlyCount "21"]
[EventDate "1995.??.??"]
[Source "www.chesslib.no"]
[SourceDate "2004.05.04"]

1. d4 Nf6 2. Nf3 g6 3. c4 Bg7 4. Nc3 O-O 5. e4 d6 6. Be2 e5 7. O-O Nc6 8. d5 Ne7 9. Ne1 Ne8 10. Nd3 f5 11. f3 1/2-1/2

[Event "Paris op"]
[Site "Paris"]
[Date "1996.??.??"]
[Round "4"]
[White "Ikonnikov, Vyacheslav"]
[Black "Shchekachev, Andrei"]
[Result "1/2-1/2"]
[WhiteElo "2535"]
[BlackElo "2500"]
[PlyCount "110"]
[EventDate "1996.04.??"]
[Source "www.chesslib.no"]
[SourceDate "2004.05.04"]

1. d4 Nf6 2. Nf3 g6 3. c4 Bg7 4. Nc3 O-O 5. e4 d6 6. Be2 e5 7. O-O Nc6 8. d5 Ne7 9. Ne1 Ne8 10. Be3 f5 11. f3 f4 12. Bf2 h5 13. c5 g5 14. a4 Rf6 15. Bb5 a6 16. Bxe8 Qxe8 17. cxd6 cxd6 18. a5 Rb8 19. Qb3 g4 20. Bh4 Rg6 21. Na4 Bd7 22. Nb6 Bb5 23. Rf2 Bf6 24. Bxf6 Rxf6 25. Rc2 Qg6 26. Rac1 Rf7 27. Nc8 Nxc8 28. Rxc8+ Rxc8 29. Rxc8+ Kg7 30. Qc2 Qg5 31. Qc3 Qh4 32. Rc7 Qd8 33. Rxf7+ Kxf7 34. g3 fxg3 35. hxg3 Qf6 36. Qc7+ Qe7 37. Qc8 Qg5 38. Qxb7+ Ke8 39. Qc8+ Kf7 40. Qc3 Ke8 41. Kf2 h4 42. Qc8+ Ke7 43. Qe6+ Kd8 44. Qxd6+ Ke8 45. Qe6+ Kd8 46. Qb6+ Kd7 47. Qa7+ Ke8 48. Qb8+ Kd7 49. Qb7+ Kd8 50. Qb6+ Kd7 51. Kg1 hxg3 52. Qe6+ Kd8 53. Qb6+ Ke8 54. Qe6+ Kd8 55. Qb6+ Ke8 1/2-1/2